000
00377nam a22001577a 4500
003
MPLRDC
005
20220104142500.0
008
210129b ||||| |||| 00| 0 eng d
082
_a
428.8 CLH
100
_a
崔莲华编译
245
_a
1-5 岁的成功教养法
_c
260
_a
_b
新光出版社
_c
300
_b
平
650
_a
育儿--教养
942
_c
BK
_o
428.8 CLH
999
_c
31253
_d
31243